000 00716cam a22002053a 4500
001 38722
003 PGUSA
005 20140828083844.0
008 120131s2012||||xxu|||||s|||||000 | eng d
040 _aPGUSA
_beng
042 _adc
100 1 _aDarwin, George Howard,
_cSir,
_d1845-1912
245 1 4 _aThe Tides and Kindred Phenomena in the Solar System :
_bThe Substance of Lectures Delivered in 1897 at the Lowell Institute, Boston, Massachusetts
_h[electronic resource] /
_cGeorge Howard, Darwin
260 _bProject Gutenberg,
_c2012
506 _aPublic domain in the USA.
516 _aElectronic text
830 0 _aProject Gutenberg
_v38722
856 4 0 _uhttp://www.gutenberg.org/ebooks/38722
942 _cEB
999 _c267976
_d267976